Municipis de l'Alt/o Vinalopó - Estadísticas

Estadísticas generales
  • Esta prueba ha sido intentada 201 veces
  • La puntuación promedio es 5 de 7
Respuestas en el mapa
Las respuestas están codificadas por una escala verde-roja en el mapa de la prueba según el % correcto abajo.
 
Estadísticas de respuestas
Resposta % Correcto
Villena
100%
Sax
79%
Biar
75%
Beneixama
60%
el Camp de Mirra
60%
Salinas
57%
la Canyada
54%
No se encontraron pruebas coincidentes
Distribución de puntuación
Porcentaje de gente con cada puntuación
Porcentaje por número respondido
Historial de tus puntuaciones
No has intentado esta prueba.